000 00523nam a2200181Ia 4500
003 LK-CoDNM
008 010623t1998 xxu||||| |||| 00| 1 sin d
040 _aLK-CoDNM
_dLK-CoDNM
_eLK-CoDNM
041 _asin
080 _a929 JAY
100 _aJayasinghe, Karunarathna
245 _aලොව ජයගත් අමරණීය මිනිස්සු
246 _aLowa Jayagath amaraneeya minissu
260 _bNishantha publication
_aGanemulla
_c1998
300 _b112, 21 cm
650 _aBiography
942 _cBK
999 _c119106
_d119106